| 000 | 01117cab a2200289 4500 | ||
|---|---|---|---|
| 001 | WB3512-32 | ||
| 008 | 090401t1999 xxu||||| |||| 00| 0 eng d | ||
| 035 | _a(Sirsi) u92279 | ||
| 041 | _aeng | ||
| 245 | _aHousebuilders shrug off overhead cable risk | ||
| 260 | _c1999 | ||
| 350 | _a0 | ||
| 490 |
_aEstates Gazette _v(9911) 20 March 1999, 38(1) |
||
| 520 | _aAn RICS report, to be published shortly, suggests that public inquiries should be held into the siting of overhead high-voltage cables, to address the public's fears that such cables pose a health risk. The House Builders Federation has rejected the suggestion, citing government assurances that the cables pose no danger, and the delays which such inquiries would cause. | ||
| 650 | _aELECTROMAGNETIC FIELDS | ||
| 650 | _aHEALTH HAZARDS | ||
| 650 | _aHEALTH RISKS | ||
| 650 | _aHIGH VOLTAGE LINES | ||
| 650 | _aHOUSE BUILDERS FEDERATION | ||
| 650 | _aOVERHEAD CABLES | ||
| 650 | _aOVERHEAD POWER LINES | ||
| 650 | _aPLANNING INQUIRIES | ||
| 650 | _aRICS | ||
| 690 | _aPLANNING LAW AND PRACTICE | ||
| 942 | _n0 | ||
| 948 | _c23/03/1999 | ||
| 999 |
_c58516 _d58516 |
||